Disney mal résumé #1 - Statistiques

Statistiques générales
  • Ce quiz a été pris 939 fois
  • Le résultat moyen est 7 sur 15
Statistiques - réponses
Hint Réponse % Correct
C'est l'histoire de 2 sœurs en froid après que l'une des deux ait trouvé quelqu'un qui termine ses phrases La reine des neiges
81%
C'est l'histoire d'un père qui doit traverser le monde pour trouver son fils handicapé Le monde de Nemo
73%
C'est l'histoire d'une fille qui vit dans un village d'illettré et qui tombe amoureuse d'un mec qui n'est pas allé chez le coiffeur depuis longtemps La Belle et la bête
70%
C'est l'histoire d'une hippie qui parle aux arbres, aux loutres, aux hérons et qui tombe amoureuse d'un étranger Pocahontas
66%
C'est l'histoire d'un homme a poil mais imberbe qui veut séduire une anglaise Tarzan
66%
C'est l'histoire d'un mec super riche qui se balade le cul à l'air avec ses 3 neveux La Bande à Picsou
61%
C'est l'histoire d'un orphelin moche, enfermé dans un immense édifice qui tombe amoureux mais n'aura pas de bisou à la fin Le Bossu de Notre Dame
57%
C'est l'histoire d'une travestie qui fait des feux d'artifices à la fin de son film Mulan
47%
C'est l'histoire d'une grosse feignasse, de trois femmes qui se disputent et d'une méchante jalouse La Belle au Bois Dormant
41%
C'est l'histoire d'un gros avec ses amis parmi lesquels on trouve un maniaque, un dépressif et un angoissé Winnie l'Ourson
34%
C'est une série sur un mec qui a une super baraque qui disparait dès qu'il danse à la fin de l'épisode La maison de Mickey
24%
C'est l'histoire d'un héros qui ne parle pas pendant tout son film mais qui boit de l'alcool Dumbo
15%
C'est l'histoire d'un mec qui a perdu son métier et veut le refaire illégalement Les Indestructibles
13%
C'est l'histoire d'un exilé politique qui a peur de l'eau et doit reconstruire une famille avec deux orphelines Lilo et Stitch
12%
C'est une série sur d'une lycéenne qui sauve le monde d'un savant fou à la peau bleue Kim Possible
8%
Aucun quiz correspondant
Distribution des résultats
% des personnes avec chaque résultat
Percentile par nombre de réponses
Votre historique - résultats
Vous n’avez pas pris ce quiz